<?xml version="1.0" encoding="UTF-8"?>
<record
    xmlns:xsi="http://www.w3.org/2001/XMLSchema-instance"
    xsi:schemaLocation="http://www.loc.gov/MARC21/slim http://www.loc.gov/standards/marcxml/schema/MARC21slim.xsd"
    xmlns="http://www.loc.gov/MARC21/slim">

  <leader>01729    a2200229   4500</leader>
  <controlfield tag="001">63965</controlfield>
  <controlfield tag="005">20260521160827.0</controlfield>
  <controlfield tag="008">260521a1997    arg                 spa d</controlfield>
  <controlfield tag="003">AR-UNSa-BCEJYS</controlfield>
  <datafield tag="040" ind1=" " ind2=" ">
    <subfield code="a">AR-UNSa-BCEJYS</subfield>
    <subfield code="b">spa</subfield>
    <subfield code="c">AR-UNSa-BCEJYS</subfield>
  </datafield>
  <datafield tag="080" ind1=" " ind2=" ">
    <subfield code="a">658.012.2</subfield>
    <subfield code="x">Planificaci&#xF3;n. Programas. Planes. Medidas de apoyo a la planificaci&#xF3;n( Administraci&#xF3;n estrat&#xE9;gica...)</subfield>
  </datafield>
  <datafield tag="245" ind1="1" ind2="0">
    <subfield code="a">Estrategia para el liderazgo competitivo</subfield>
    <subfield code="p">De la visi&#xF3;n a los resultados</subfield>
  </datafield>
  <datafield tag="020" ind1=" " ind2=" ">
    <subfield code="a">978-84-7577-428-2</subfield>
  </datafield>
  <datafield tag="264" ind1=" " ind2="1">
    <subfield code="a">Buenos Aires :</subfield>
    <subfield code="b">Granica</subfield>
    <subfield code="c">1997</subfield>
  </datafield>
  <datafield tag="300" ind1=" " ind2=" ">
    <subfield code="a">536 p.</subfield>
    <subfield code="c">23 cm.</subfield>
  </datafield>
  <datafield tag="505" ind1=" " ind2=" ">
    <subfield code="a">1. El concepto de estrategia y el proceso de formaci&#xF3;n de la estrategia &#x2013; 2. Un proceso formal de planificaci&#xF3;n estrat&#xE9;gica &#x2013; 3. Estrategia de negocios: los conceptos fundamentales &#x2013; 4. La misi&#xF3;n del negocio &#x2013; 5. El examen del medio externo a nivel del negocio &#x2013; 6. Evaluaci&#xF3;n interna a nivel del negocio &#x2013; 7. La formulaci&#xF3;n de la estrategia del negocio &#x2013; 8. Evaluaci&#xF3;n estrat&#xE9;gica y econ&#xF3;mica de los m&#xE9;ritos de una estrategia &#x2013; 9. Estrategia corporativa: los conceptos esenciales &#x2013; 10. Examen de medio externo a nivel corporativo &#x2013; 11. La misi&#xF3;n de la empresa &#x2013; 12. Segmentaci&#xF3;n del negocio &#x2013; 13. Estrategia horizontal &#x2013; 14. Integraci&#xF3;n vertical &#x2013; 15. Filosof&#xED;a corporativa &#x2013; 16. Postura estrat&#xE9;gica de la empresa &#x2013; 17. Asignaci&#xF3;n de recursos y gesti&#xF3;n de la cartera de negocios &#x2013; 18. Estrategia funcional: los conceptos esenciales &#x2013; 19. Estrategia de recursos humanos &#x2013; 20. Estrategia tecnol&#xF3;gica &#x2013; 21. Estrategia de fabricaci&#xF3;n -</subfield>
  </datafield>
  <datafield tag="041" ind1=" " ind2=" ">
    <subfield code="a">spa</subfield>
  </datafield>
  <datafield tag="942" ind1=" " ind2=" ">
    <subfield code="c">BK</subfield>
  </datafield>
  <datafield tag="590" ind1=" " ind2=" ">
    <subfield code="a">niveau_biblio:m niveau_hierar:0</subfield>
  </datafield>
  <datafield tag="100" ind1="1" ind2=" ">
    <subfield code="a">Hax, Arnaldo C.</subfield>
  </datafield>
  <datafield tag="700" ind1="1" ind2=" ">
    <subfield code="a">Majluf, Nicolas S.</subfield>
  </datafield>
  <datafield tag="999" ind1=" " ind2=" ">
    <subfield code="c">36443</subfield>
    <subfield code="d">36443</subfield>
  </datafield>
  <datafield tag="952" ind1=" " ind2=" ">
    <subfield code="0">0</subfield>
    <subfield code="1">0</subfield>
    <subfield code="4">0</subfield>
    <subfield code="7">0</subfield>
    <subfield code="a">BCEJYS</subfield>
    <subfield code="b">BCEJYS</subfield>
    <subfield code="c">16</subfield>
    <subfield code="d">2026-05-21</subfield>
    <subfield code="l">0</subfield>
    <subfield code="o">658.012.2 H411e</subfield>
    <subfield code="p">L85398</subfield>
    <subfield code="r">2026-05-21 16:08:27</subfield>
    <subfield code="w">2026-05-21</subfield>
    <subfield code="y">L</subfield>
  </datafield>
  <datafield tag="952" ind1=" " ind2=" ">
    <subfield code="0">0</subfield>
    <subfield code="1">0</subfield>
    <subfield code="4">0</subfield>
    <subfield code="7">0</subfield>
    <subfield code="a">BCEJYS</subfield>
    <subfield code="b">BCEJYS</subfield>
    <subfield code="c">16</subfield>
    <subfield code="d">2026-05-21</subfield>
    <subfield code="l">0</subfield>
    <subfield code="o">658.012.2 H411e</subfield>
    <subfield code="p">L85399</subfield>
    <subfield code="r">2026-05-21 16:08:27</subfield>
    <subfield code="w">2026-05-21</subfield>
    <subfield code="y">L</subfield>
  </datafield>
</record>
